2022-23 Champions League Group Stage - Statistics

General Stats
  • This quiz has been taken 19 times
  • The average score is 25 of 32
Answer Stats
Answers % Correct
C Barcelona
100%
C Bayern Munich
100%
E Chelsea
100%
C Inter Milan
100%
A Liverpool
100%
G Manchester City
100%
E Milan
100%
F Real Madrid
100%
G Borussia Dortmund
94%
H Juventus
94%
A Napoli
94%
H Paris Saint-Germain
94%
D Tottenham Hotspur
94%
A Ajax
89%
D Marseille
83%
B Porto
83%
B Atlético Madrid
78%
H Benfica
78%
B Club Brugge
78%
G Sevilla
78%
D Eintracht Frankfurt
72%
A Rangers
67%
F RB Leipzig
67%
B Bayer Leverkusen
61%
F Celtic
61%
E Dinamo Zagreb
61%
F Shakhtar Donetsk
61%
G Copenhagen
56%
D Sporting Lisbon
56%
E RB Salzburg
50%
C Viktoria Plzen
44%
H Maccabi Haifa
39%
No matching quizzes found
Score Distribution
Percent of People with Each Score
Percentile by Number Answered
Your Score History
You have not taken this quiz